Jog és igazságosság büntetőjog és igazságosság
Elmentve itt :
| Szerző: | |
|---|---|
| Adatforrás: | Philobibl |
| Dokumentumtípus: | Könyv |
| Nyelv: | magyar |
| Kulcsszavak: | büntetőjog jogelmélet igazságosság etika |
| Megjelent: |
Budapest
Közgazd. és Jogi Kvk.
1989
|
| LEADER | 00444cam a2200157 c 4500 | ||
|---|---|---|---|
| 001 | bibPHI0040652 | ||
| 005 | 20200924124353.5 | ||
| 008 | 940510t19891989hu 000 0 hun d | ||
| 100 | 1 | |a Földesi Tamás | |
| 245 | 1 | 0 | |a Jog és igazságosság |b büntetőjog és igazságosság |c Földesi Tamás |
| 260 | |a Budapest |b Közgazd. és Jogi Kvk. |c 1989 | ||
| 300 | |a 291 p. | ||
| 695 | |a büntetőjog | ||
| 695 | |a jogelmélet | ||
| 695 | |a igazságosság | ||
| 695 | |a etika | ||